| 000 | 00529pam a2200217 i 4500 | ||
|---|---|---|---|
| 001 | 2298282 | ||
| 005 | 20180126081225.0 | ||
| 008 | 800325r1980 nyua b 001 0 eng | ||
| 010 | _a 80013531 | ||
| 020 | _a0831744464 | ||
| 040 |
_aDLC _cDLC _dDLC |
||
| 041 | _aeng | ||
| 080 | _a581.63 GOR | ||
| 082 | 0 | 0 | _a581.63 GOR |
| 100 | 1 | _a9 | |
| 101 | _aMJE | ||
| 245 | 1 | 2 |
_aA country herbal / _cLesley Gordon. |
| 504 | _aBibliography: p. 203-204. | ||
| 906 |
_a7 _bcbc _corignew _d1 _eocip _f19 _gy-gencatlg |
||
| 942 |
_2ddc _cBK |
||
| 999 |
_c41013 _d41013 |
||